000 00384nam a22001217a 4500
999 _c8459
_d8459
008 200219b ||||| |||| 00| 0 eng d
020 _a9780070483903
082 _217th
_a620 ALD
100 _aALI, Shyed Riffat
245 _aDigital Switching Systems
_bSystem Reliability and Analysis
_hEnglish
250 _a1 edition (1 July 2017)
_b240 pages
260 _aNew Delhi
_bMcGraw Hill Education